000 01039nam0a22002531 4500
001 rc\276428
005 20260406141846.0
035 _a(NLR Aleph) 005500474
090 _a5301639
_c5301639
100 _a20030307d1990 |||y0rusy50 ca
101 0 _arus
102 _aRU
105 _aa |||||||||
200 1 _aИсследование специфичности действия физико-химических факторов на биологические объекты
_e(Темат. сб. науч. тр.)
_fБакин. гос. ун-т
_g[Редкол.: Р.А. Кулиев (отв. ред.) и др.]
210 _aБаку
_cИзд-во Бакин. ун-та
_d1990
215 _a96 с.
_cил.
_d20
320 _aБиблиогр. в конце ст.
702 1 _aКулиев
_bР.А.
_4340
712 0 2 _aБакинский государственный университет
_3RU\NLR\AUTH\889920935
_9338040
801 0 _aRU
_bNLR
_gpsbo
801 1 _aRU
_bELAR
_2rusmarc
852 _aNLR
_j90-4/17419
942 _cBOOK
980 _aNB